| 000 | 01070cam a2200433 4500 | ||
|---|---|---|---|
| 001 | ABSD63503 | ||
| 008 | 000000n2001 000 0 eng u | ||
| 035 | _a(Sirsi) u110808 | ||
| 110 |
_aDavis Langdon and Everest _91155 |
||
| 245 | _aCost model update | ||
| 260 | _c2001 | ||
| 490 |
_aBuilding _v266(8166) 26 January 2001, 66-73(8) |
||
| 590 | _aABS | ||
| 650 | _aART GALLERIES | ||
| 650 | _aCAR PARKS | ||
| 650 | _aCOLLEGES | ||
| 650 | _aDISTRIBUTION CENTRES | ||
| 650 | _aGRANDSTANDS | ||
| 650 | _aHOTELS | ||
| 650 | _aHOUSING | ||
| 650 | _aINDUSTRIAL BUILDINGS | ||
| 650 | _aLEARNING RESOURCE CENTRES | ||
| 650 | _aLEISURE CENTRES | ||
| 650 | _aLIBRARIES | ||
| 650 | _aMUSEUMS | ||
| 650 | _aOFFICE FIT-OUT | ||
| 650 | _aOFFICES | ||
| 650 | _aPRIVATE HOUSING | ||
| 650 | _aRETAIL | ||
| 650 | _aSCHOOLS | ||
| 650 | _aSHOPPING CENTRES | ||
| 650 | _aSOCIAL HOUSING | ||
| 650 | _aSTADIA | ||
| 650 | _aSUPERMARKETS | ||
| 650 | _aTHEATRES | ||
| 650 | _aWAREHOUSES | ||
| 690 | _aBUILT ENVIRONMENT-BUILDING COSTS | ||
| 942 | _n0 | ||
| 999 |
_c66058 _d66058 |
||